000 01153nam a22003377a 4500
003 CHAP
005 20220329141440.0
008 971013s1989 r 00010 d
010 _a68322
011 _a69294
035 _a78770
040 _cCHAP
090 _aTesis
100 0 0 _aMedina García, Guillermo.
_973961
245 _aSICA
_b: un sistema de información para caracterizaciones agroclimàticas
260 _aChapingo, Méx. :
_bEl autor,
_c1989
300 _a61 h.
500 _a27-207
502 _aTesis (Maestro en Ciencias Esp. en Computación Aplicada). --CP. Centro de Estadística y Cálculo
590 _aALEPH
_b10
_c20130110
_lUCH01
_h1405
590 _aBATCH-UPD
_b10
_c20130110
_lUCH01
_h1641
590 _aBATCH-UPD
_b10
_c20130410
_lUCH01
_h1032
590 _aBATCH-UPD
_b10
_c20130914
_lUCH01
_h1807
590 _aCONVERSION
_b10
_c20130109
_lUCH01
_h1338
650 1 4 _aMeteorología agrícola.
_975217
650 1 4 _aProcesamiento automático de datos en meteorología.
_991803
901 _aBK
942 _cFOLL
949 _bBC
_cTES
_d-31645
_eTS1
_h21331
_i78770
_si
949 _bBC
_cTES
_d-94033
_eTS2
_fc.2
_h21332
_i78770
_si
999 _c68322
_d68322